Normal view
MARC view
Entry Corporate Name
001 - CONTROL NUMBER
- control field: 21154
003 - CONTROL NUMBER IDENTIFIER
- control field: dpl
005 - DATE AND TIME OF LATEST TRANSACTION
- control field: 20100922144017.0
008 - FIXED-LENGTH DATA ELEMENTS
- fixed length control field: 100922|||a|||||| | ||| d
040 ## - CATALOGING SOURCE
- Original cataloging agency: dpl
- Transcribing agency: dpl
110 ## - HEADING--CORPORATE NAME
- Corporate name or jurisdiction name as entry element: India. |t Indian Penal Code.
670 ## - SOURCE DATA FOUND
- Source citation: Work cat.: (dpl): Ranchhoddas,Ratanlal 21153, Ratanlal & Dhirajlal’s the Indian Penal Code (Act XLV of 1860), 2010
670 ## - SOURCE DATA FOUND
- Source citation: Work cat.: (dpl): Ranchhoddas,Ratanlal 21153, Ratanlal & Dhirajlal’s the Indian Penal Code (Act XLV of 1860), 2010
